000
00295nam a22001337a 4500
008
170628b xxu||||| |||| 00| 0 eng d
020
_a
9780205661411
041
_a
eng
080
_a
05
100
_a
21
101
_a
GJL
245
_a
THE BRIEF ENGLISH HANDBOOK
_c
DORNAN,E.A
942
_2
udc
_c
BK
999
_c
19399
_d
19399